| 000 | 00860cam a22002774a 4500 | ||
|---|---|---|---|
| 001 | 1685 | ||
| 005 | 20250530120538.0 | ||
| 020 | _a0439867843 | ||
| 040 |
_aDLC _cDLC _dDLC _beng |
||
| 050 | 0 | 0 | _bQP37.R653 |
| 082 | 0 | 0 |
_a612 _221 |
| 100 | 1 | _aRockwell, Lizzy | |
| 245 | 1 | 4 |
_aThe busy body book : _ba kid's guide to fitness / _cLizzy Rockwell. |
| 260 |
_aNew York : _bScholastic, _c2004 |
||
| 300 |
_a30 unnumbered pages : _bcolor illustrations ; _c28 cm |
||
| 505 | _aQ | ||
| 520 | _aAn introduction to the human body, how it functions, and its need for exercise. | ||
| 521 |
_a680
_bLexile |
||
| 521 |
_aQ
_bRaz-Plus |
||
| 650 | 0 |
_aHuman body _vJuvenile literature. |
|
| 650 | 0 |
_aExercise _vJuvenile literature. |
|
| 650 | 1 | _aHuman body. | |
| 650 | 1 | _aExercise. | |
| 906 |
_a7 _bcbc _corignew _d1 _eocip _f20 _gy-gencatlg |
||
| 942 |
_2ddc _cBK _n0 |
||
| 999 |
_c1685 _d1685 |
||